[Event "WCO 2016"]
[Site "?"]
[Date "2016.09.13"]
[Round "11"]
[Board "9"]
[WhiteID "19700261"]
[White "Drayton Anthony"]
[BlackID "21300020"]
[Black "Klaas Tokelo"]
[Result "0-1"]
[BlackElo "1663"]
[WhiteElo "1923"]
[LiveChessVersion "1.4.8"]

1. e4 {[%clk 1:30:47]} c5 {[%clk 1:29:57]} 2. Nf3 {[%clk 1:31:09]} e6
{[%clk 1:29:53]} 3. d4 {[%clk 1:31:12]} cxd4 {[%clk 1:29:55]} 4. Nxd4
{[%clk 1:31:40]} a6 {[%clk 1:29:32]} 5. c4 {[%clk 1:28:06]} Qc7 {[%clk 1:29:32]}
6. Nc3 {[%clk 1:28:09]} Nf6 {[%clk 1:29:31]} 7. f3 {[%clk 1:20:23]} Be7
{[%clk 1:27:45]} 8. Be2 {[%clk 1:20:46]} d6 {[%clk 1:27:55]} 9. O-O
{[%clk 1:21:07]} O-O {[%clk 1:28:19]} 10. Be3 {[%clk 1:21:24]} Nbd7
{[%clk 1:28:25]} 11. Qd2 {[%clk 1:21:22]} b6 {[%clk 1:28:08]} 12. Rac1
{[%clk 1:21:32]} Bb7 {[%clk 1:28:15]} 13. Rfd1 {[%clk 1:20:49]} Rac8
{[%clk 1:27:53]} 14. Kh1 {[%clk 1:19:39]} Rfd8 {[%clk 1:25:20]} 15. a3
{[%clk 1:16:04]} Ne5 {[%clk 1:20:31]} 16. b4 {[%clk 1:12:49]} Qd7
{[%clk 1:10:34]} 17. Nb3 {[%clk 1:06:54]} Qc7 {[%clk 0:58:03]} 18. Na4
{[%clk 1:06:53]} Nfd7 {[%clk 0:57:28]} 19. Bf1 {[%clk 1:06:46]} Bc6
{[%clk 0:55:54]} 20. Nc3 {[%clk 1:03:21]} Qb8 {[%clk 0:46:52]} 21. Qf2
{[%clk 1:00:56]} Rf8 {[%clk 0:40:29]} 22. Nd4 Ba8 {[%clk 0:37:01]} 23. Na4
{[%clk 0:56:11]} Bc6 {[%clk 0:37:14]} 24. Nxc6 {[%clk 0:56:11]} Rxc6
{[%clk 0:37:21]} 25. Qb2 {[%clk 0:46:46]} Rfc8 {[%clk 0:28:28]} 26. b5
{[%clk 0:43:33]} Nxc4 {[%clk 0:23:28]} 27. Bxc4 {[%clk 0:24:49]} Rxc4
{[%clk 0:23:05]} 28. Rxc4 {[%clk 0:25:03]} Rxc4 {[%clk 0:23:17]} 29. bxa6
{[%clk 0:24:39]} Rxa4 {[%clk 0:18:56]} 30. Qb5 {[%clk 0:25:08]} Rxa3
{[%clk 0:18:30]} 31. Qxd7 {[%clk 0:25:36]} Bf8 {[%clk 0:08:59]} 32. Qb7
{[%clk 0:23:43]} Qe8 {[%clk 0:08:52]} 33. Qxb6 {[%clk 0:12:46]} Qa4
{[%clk 0:09:15]} 34. Rc1 {[%clk 0:12:10]} Qxa6 {[%clk 0:09:10]} 35. Qxa6
{[%clk 0:11:15]} Rxa6 {[%clk 0:09:34]} 36. Rc8 {[%clk 0:11:22]} Ra1+
{[%clk 0:08:26]} 37. Bc1 {[%clk 0:11:31]} Ra5 {[%clk 0:07:32]} 38. Kg1
{[%clk 0:10:50]} Rc5 {[%clk 0:07:50]} 39. Rxc5 {[%clk 0:11:06]} dxc5
{[%clk 0:08:18]} 40. Kf2 {[%clk 0:41:13]} c4 {[%clk 0:38:02]} 41. Ke2
{[%clk 0:40:17]} Bd6 {[%clk 0:37:39]} 42. h3 {[%clk 0:40:07]} Kf8
{[%clk 0:32:31]} 43. Bb2 {[%clk 0:38:58]} g6 {[%clk 0:32:34]} 44. Kd2
{[%clk 0:39:26]} Ke7 {[%clk 0:31:15]} 45. Bd4 {[%clk 0:39:24]} Bb4+
{[%clk 0:31:15]} 46. Bc3 {[%clk 0:39:37]} Bc5 {[%clk 0:31:24]} 47. Bb2
{[%clk 0:39:26]} Bb4+ {[%clk 0:31:20]} 48. Bc3 {[%clk 0:39:48]} Ba3
{[%clk 0:27:48]} 49. Bd4 {[%clk 0:36:18]} Bb4+ {[%clk 0:26:39]} 50. Bc3
{[%clk 0:36:47]} Bc5 {[%clk 0:21:33]} 51. Bb2 {[%clk 0:36:43]} Bd6
{[%clk 0:21:08]} 52. e5 {[%clk 0:33:58]} Bb4+ {[%clk 0:21:03]} 53. Ke3
{[%clk 0:32:48]} c3 {[%clk 0:19:20]} 54. Bc1 {[%clk 0:33:17]} Kd7
{[%clk 0:19:34]} 55. Kd4 {[%clk 0:33:19]} Kc6 {[%clk 0:19:13]} 56. Kc4
{[%clk 0:30:06]} Ba5 {[%clk 0:18:49]} 57. f4 {[%clk 0:27:02]} h5 {[%clk 0:17:46]}
58. Be3 {[%clk 0:25:13]} c2 {[%clk 0:17:29]} 59. Bc1 {[%clk 0:16:47]} Bb6
{[%clk 0:17:26]} 60. g4 {[%clk 0:14:04]} hxg4 {[%clk 0:17:26]} 61. hxg4
{[%clk 0:14:12]} Bc5 {[%clk 0:17:44]} 62. Kc3 {[%clk 0:13:34]} Kd5
{[%clk 0:18:01]} 63. Kd3 {[%clk 0:13:45]} Bg1 {[%clk 0:15:08]} 64. Bd2
{[%clk 0:12:30]} Bb6 {[%clk 0:12:32]} 65. Bc1 {[%clk 0:12:48]} Bg1
{[%clk 0:10:32]} 66. Bd2 {[%clk 0:13:13]} Kc5 {[%clk 0:10:36]} 67. Bc1
{[%clk 0:13:29]} Kb4 {[%clk 0:10:44]} 68. Kxc2 {[%clk 0:13:36]} Kc4
{[%clk 0:10:56]} 69. Kd2 {[%clk 0:14:04]} Kd4 {[%clk 0:11:02]} 70. Ke2
{[%clk 0:13:30]} Ke4 {[%clk 0:11:19]} 71. f5 {[%clk 0:09:08]} gxf5
{[%clk 0:11:17]} 72. gxf5 {[%clk 0:09:37]} Kxf5 {[%clk 0:11:34]} 73. Kf3
{[%clk 0:09:46]} Bh2 {[%clk 0:11:44]} 74. Ba3 {[%clk 0:09:42]} Bxe5
{[%clk 0:12:06]} 75. Bc5 {[%clk 0:10:01]} Bc3 0-1

[Event "WCO 2016"]
[Site "?"]
[Date "2016.09.13"]
[Round "11"]
[Board "10"]
[WhiteID "14317206"]
[White "Kananelo Latela"]
[BlackID "19700024"]
[Black "Khan Taffin"]
[Result "1/2-1/2"]
[BlackElo "1877"]
[WhiteElo "1736"]
[LiveChessVersion "1.4.8"]

1. d4 {[%clk 1:30:42]} Nf6 {[%clk 1:30:56]} 2. Nf3 {[%clk 1:28:39]} d6
{[%clk 1:31:18]} 3. g3 {[%clk 1:27:58]} Nbd7 {[%clk 1:31:40]} 4. Bg2
{[%clk 1:28:00]} e5 {[%clk 1:31:58]} 5. dxe5 {[%clk 1:27:10]} dxe5
{[%clk 1:32:19]} 6. O-O {[%clk 1:27:14]} Be7 {[%clk 1:32:44]} 7. c4
{[%clk 1:25:19]} O-O {[%clk 1:33:02]} 8. Qc2 {[%clk 1:25:09]} c6 {[%clk 1:33:17]}
9. Nc3 {[%clk 1:24:14]} Qc7 {[%clk 1:33:27]} 10. Nh4 {[%clk 1:23:55]} Re8
{[%clk 1:33:28]} 11. Nf5 {[%clk 1:23:57]} Bf8 {[%clk 1:33:48]} 12. Bg5
{[%clk 1:23:35]} h6 {[%clk 1:33:31]} 13. Bd2 {[%clk 1:24:05]} Nc5
{[%clk 1:33:17]} 14. Ne3 {[%clk 1:23:48]} Ne6 {[%clk 1:33:33]} 15. Rfe1
{[%clk 1:21:38]} Nd4 {[%clk 1:33:11]} 16. Qc1 {[%clk 1:21:56]} Nh7
{[%clk 1:33:14]} 17. Nc2 {[%clk 1:21:24]} Nf5 {[%clk 1:32:00]} 18. b4
{[%clk 1:19:43]} Nd6 {[%clk 1:30:57]} 19. Ne3 {[%clk 1:18:54]} f5
{[%clk 1:28:04]} 20. c5 {[%clk 1:15:23]} Nf7 {[%clk 1:28:13]} 21. Qc2
{[%clk 1:14:56]} g6 {[%clk 1:24:27]} 22. Rad1 {[%clk 1:14:21]} Nf6
{[%clk 1:23:52]} 23. Bc1 {[%clk 1:12:48]} Be6 {[%clk 1:23:07]} 24. Bb2
{[%clk 1:12:01]} Bg7 {[%clk 1:22:07]} 25. a4 {[%clk 1:11:38]} Re7
{[%clk 1:19:38]} 26. Nb1 {[%clk 1:09:58]} Rae8 {[%clk 1:19:44]} 27. Nd2
{[%clk 1:10:13]} e4 {[%clk 1:19:36]} 28. Ndc4 {[%clk 1:10:25]} Nd5
{[%clk 1:13:26]} 29. Bxg7 {[%clk 1:07:44]} Kxg7 {[%clk 1:13:49]} 30. Qb2+
{[%clk 1:07:18]} Kh7 {[%clk 1:14:12]} 31. Nxd5 {[%clk 1:06:55]} Bxd5
{[%clk 1:09:59]} 32. Ne3 {[%clk 1:07:11]} Be6 {[%clk 1:09:52]} 33. Nc2
{[%clk 1:07:03]} Ne5 {[%clk 1:09:53]} 34. Nd4 {[%clk 1:06:43]} Bd5
{[%clk 1:10:11]} 35. Qc3 {[%clk 1:05:04]} Rf7 {[%clk 1:09:26]} 36. b5
{[%clk 1:05:08]} g5 {[%clk 1:09:17]} 37. bxc6 {[%clk 1:04:57]} bxc6
{[%clk 1:09:40]} 38. Nb5 {[%clk 1:01:51]} cxb5 {[%clk 1:08:13]} 39. Rxd5
{[%clk 1:02:02]} bxa4 {[%clk 1:08:36]} 40. Red1 {[%clk 1:32:15]} Rd7
{[%clk 1:35:20]} 41. Bh3 {[%clk 1:30:50]} g4 {[%clk 1:34:41]} 42. Bf1
{[%clk 1:31:14]} Red8 {[%clk 1:21:23]} 43. Rxd7+ {[%clk 1:30:58]} Rxd7
{[%clk 1:21:25]} 44. Rxd7+ {[%clk 1:31:07]} Nxd7 {[%clk 1:21:48]} 45. c6
{[%clk 1:30:07]} Ne5 {[%clk 1:21:46]} 46. e3 {[%clk 1:30:20]} a3 {[%clk 1:17:44]}
47. Qxa3 {[%clk 1:30:06]} Nxc6 {[%clk 1:17:47]} 48. Qc5 {[%clk 1:30:21]} Qd7
{[%clk 1:08:41]} 49. Bb5 {[%clk 1:30:22]} Qd1+ {[%clk 1:08:41]} 50. Bf1
{[%clk 1:30:10]} Qd7 {[%clk 0:45:37]} 1/2-1/2

[Event "WCO 2016"]
[Site "?"]
[Date "2016.09.13"]
[Round "11"]
[Board "11"]
[WhiteID "19700202"]
[White "Su Haifeng"]
[BlackID "21300380"]
[Black "Molapo Joang"]
[Result "1-0"]
[BlackElo "1685"]
[WhiteElo "1800"]
[LiveChessVersion "1.4.8"]

1. e4 {[%clk 1:30:59]} e6 {[%clk 1:30:54]} 2. d4 {[%clk 1:30:43]} d5
{[%clk 1:31:17]} 3. Nd2 {[%clk 1:26:11]} c5 {[%clk 1:31:21]} 4. dxc5
{[%clk 1:22:18]} Bxc5 {[%clk 1:30:50]} 5. Nb3 {[%clk 1:22:39]} Bb6
{[%clk 1:29:34]} 6. exd5 {[%clk 1:21:20]} exd5 {[%clk 1:29:46]} 7. Bb5+
{[%clk 1:17:12]} Nc6 {[%clk 1:29:36]} 8. Ne2 {[%clk 1:06:36]} Bg4
{[%clk 1:28:14]} 9. O-O {[%clk 0:56:48]} Nge7 {[%clk 1:28:07]} 10. Re1
{[%clk 0:52:23]} O-O {[%clk 1:25:40]} 11. Bg5 {[%clk 0:43:11]} f6
{[%clk 1:22:36]} 12. Bf4 {[%clk 0:37:54]} a6 {[%clk 1:21:47]} 13. Bxc6
{[%clk 0:27:55]} bxc6 {[%clk 1:20:54]} 14. h3 {[%clk 0:25:23]} Bh5
{[%clk 1:20:38]} 15. c3 {[%clk 0:25:05]} c5 {[%clk 1:18:20]} 16. Qd2
{[%clk 0:22:03]} g5 {[%clk 1:15:26]} 17. Be3 {[%clk 0:15:24]} Qd6
{[%clk 1:15:00]} 18. g4 {[%clk 0:11:37]} Bg6 {[%clk 1:11:31]} 19. Ng3
{[%clk 0:09:06]} Rad8 {[%clk 1:05:31]} 20. Qe2 {[%clk 0:08:18]} Ba7
{[%clk 0:55:04]} 21. Bxc5 {[%clk 0:07:26]} Bxc5 {[%clk 0:54:41]} 22. Nxc5
{[%clk 0:07:50]} Qxc5 {[%clk 0:52:32]} 23. Qxe7 {[%clk 0:08:09]} Qb5
{[%clk 0:51:43]} 24. Qe2 {[%clk 0:06:04]} Bd3 {[%clk 0:50:19]} 25. Qd2
{[%clk 0:05:47]} Rd7 {[%clk 0:45:12]} 26. a4 {[%clk 0:05:50]} Qc4
{[%clk 0:43:55]} 27. b3 {[%clk 0:06:02]} Qxb3 {[%clk 0:44:18]} 28. Qxd3
{[%clk 0:06:20]} d4 {[%clk 0:39:47]} 29. Red1 {[%clk 0:04:45]} Rfd8
{[%clk 0:31:57]} 30. c4 {[%clk 0:04:48]} Qb4 {[%clk 0:29:55]} 31. Nf5
{[%clk 0:04:50]} Qc3 {[%clk 0:27:35]} 32. Qxc3 {[%clk 0:02:00]} dxc3
{[%clk 0:27:58]} 33. Rxd7 {[%clk 0:02:25]} Rxd7 {[%clk 0:28:18]} 34. Rc1
{[%clk 0:02:46]} Rc7 {[%clk 0:28:27]} 35. Rxc3 {[%clk 0:03:00]} Rc5
{[%clk 0:28:48]} 36. Nd6 {[%clk 0:02:16]} Kg7 {[%clk 0:28:43]} 37. Ne4
{[%clk 0:02:19]} Rc6 {[%clk 0:28:50]} 38. c5 {[%clk 0:02:31]} Kf7
{[%clk 0:27:01]} 39. Rb3 {[%clk 0:01:22]} Ke6 {[%clk 0:27:13]} 40. Rb6
{[%clk 0:31:32]} Kd5 {[%clk 0:57:27]} 41. Rxc6 {[%clk 0:31:57]} Kxc6
{[%clk 0:57:15]} 42. f4 {[%clk 0:32:13]} gxf4 {[%clk 0:57:24]} 43. Kf2
{[%clk 0:32:37]} Kd5 {[%clk 0:55:32]} 44. Kf3 {[%clk 0:33:05]} h5
{[%clk 0:55:46]} 45. Kxf4 {[%clk 0:33:26]} 1-0

[Event "WCO 2016"]
[Site "?"]
[Date "2016.09.13"]
[Round "11"]
[Board "12"]
[WhiteID "21300429"]
[White "Maepe Thabang"]
[BlackID "19700318"]
[Black "Neto Roberto"]
[Result "1-0"]
[BlackElo "1561"]
[WhiteElo "1668"]
[LiveChessVersion "1.4.8"]

1. e4 {[%clk 1:30:53]} e6 {[%clk 1:30:57]} 2. d4 {[%clk 1:31:10]} d5
{[%clk 1:31:26]} 3. exd5 {[%clk 1:31:17]} exd5 {[%clk 1:31:41]} 4. Nf3
{[%clk 1:31:35]} Nf6 {[%clk 1:31:27]} 5. c4 {[%clk 1:31:44]} dxc4
{[%clk 1:30:46]} 6. Bxc4 {[%clk 1:31:57]} Be7 {[%clk 1:31:16]} 7. O-O
{[%clk 1:31:42]} O-O {[%clk 1:31:28]} 8. Nc3 {[%clk 1:31:31]} Bg4
{[%clk 1:30:45]} 9. h3 {[%clk 1:30:21]} Bh5 {[%clk 1:30:44]} 10. Be2
{[%clk 1:29:57]} Nc6 {[%clk 1:30:27]} 11. Be3 {[%clk 1:28:46]} Nd5
{[%clk 1:28:54]} 12. Nxd5 {[%clk 1:28:34]} Qxd5 {[%clk 1:29:01]} 13. Qc2
{[%clk 1:28:09]} Bg6 {[%clk 1:25:26]} 14. Qd2 {[%clk 1:27:59]} Rad8
{[%clk 1:01:58]} 15. a3 {[%clk 1:27:34]} a6 {[%clk 0:55:20]} 16. Rac1
{[%clk 1:27:34]} Qd7 {[%clk 0:32:18]} 17. Rfd1 {[%clk 1:25:43]} Be4
{[%clk 0:22:56]} 18. Qc3 {[%clk 1:22:45]} Bd5 {[%clk 0:19:23]} 19. Nd2
{[%clk 1:21:19]} Bd6 {[%clk 0:12:54]} 20. Bf3 {[%clk 1:21:13]} Bxf3
{[%clk 0:12:28]} 21. Nxf3 {[%clk 1:21:40]} f6 {[%clk 0:11:34]} 22. Qb3+
{[%clk 1:21:15]} Qf7 {[%clk 0:02:04]} 23. Qxb7 {[%clk 1:21:29]} Nb8
{[%clk 0:02:30]} 24. Qe4 {[%clk 1:21:02]} Nd7 {[%clk 0:02:25]} 25. Qg4
{[%clk 1:21:00]} Nb6 {[%clk 0:01:22]} 26. Bf4 {[%clk 1:21:10]} Nd5
{[%clk 0:00:35]} 27. Bxd6 {[%clk 1:21:34]} Rxd6 {[%clk 0:00:37]} 1-0

[Event "WCO 2016"]
[Site "?"]
[Date "2016.09.13"]
[Round "11"]
[Board "13"]
[WhiteID "6800068"]
[White "Mctigue James"]
[BlackID "11900059"]
[Black "Sanon Mondoly"]
[Result "0-1"]
[BlackElo "2036"]
[WhiteElo "2205"]
[LiveChessVersion "1.4.8"]

1. e4 {[%clk 1:30:52]} c5 {[%clk 1:28:28]} 2. c3 {[%clk 1:31:07]} Nc6
{[%clk 1:25:32]} 3. d4 {[%clk 1:28:53]} cxd4 {[%clk 1:25:08]} 4. cxd4
{[%clk 1:29:07]} d5 {[%clk 1:25:35]} 5. exd5 {[%clk 1:19:20]} Qxd5
{[%clk 1:25:55]} 6. Nf3 {[%clk 1:18:34]} Bg4 {[%clk 1:25:01]} 7. Be2
{[%clk 1:12:31]} e5 {[%clk 1:22:25]} 8. Nxe5 {[%clk 1:00:00]} Bxe2
{[%clk 1:17:51]} 9. Qxe2 {[%clk 1:00:22]} Nxd4 {[%clk 1:18:15]} 10. Nc3
{[%clk 0:49:59]} Bb4 {[%clk 1:18:35]} 11. Qd1 {[%clk 0:46:40]} Bxc3+
{[%clk 1:15:34]} 12. bxc3 {[%clk 0:46:44]} Qxe5+ {[%clk 1:15:57]} 13. Be3
{[%clk 0:45:25]} Nc6 {[%clk 1:13:42]} 14. Qb3 {[%clk 0:43:49]} Nge7
{[%clk 1:13:15]} 15. O-O {[%clk 0:42:58]} O-O {[%clk 1:13:40]} 16. Rfe1
{[%clk 0:42:56]} Qc7 {[%clk 1:13:13]} 17. Rab1 {[%clk 0:38:43]} b6
{[%clk 1:13:41]} 18. Qc4 {[%clk 0:35:01]} Ng6 {[%clk 1:12:45]} 19. h4
{[%clk 0:34:01]} Rac8 {[%clk 1:11:23]} 20. h5 {[%clk 0:32:28]} Nge5
{[%clk 1:08:05]} 21. Qh4 {[%clk 0:32:13]} h6 {[%clk 1:05:57]} 22. Qg3
{[%clk 0:23:13]} Nd3 {[%clk 1:05:05]} 23. Qxc7 {[%clk 0:18:38]} Rxc7
{[%clk 1:04:57]} 24. Red1 {[%clk 0:16:47]} Nde5 {[%clk 1:03:05]} 25. Rb5
{[%clk 0:14:26]} Rd7 {[%clk 1:02:03]} 26. Re1 {[%clk 0:11:10]} Rfd8
{[%clk 1:01:50]} 27. Re2 {[%clk 0:09:10]} Rd1+ 0-1

[Event "WCO 2016"]
[Site "?"]
[Date "2016.09.13"]
[Round "11"]
[Board "14"]
[WhiteID "11900113"]
[White "Luxama Jacques Muller"]
[BlackID "6800173"]
[Black "Mongiello Anthony"]
[Result "1-0"]
[BlackElo "1576"]
[WhiteElo "2024"]
[LiveChessVersion "1.4.8"]

1. e4 {[%clk 1:30:54]} d5 {[%clk 1:30:43]} 2. exd5 {[%clk 1:30:54]} Qxd5
{[%clk 1:30:52]} 3. Nc3 {[%clk 1:30:47]} Qa5 {[%clk 1:30:56]} 4. Nf3
{[%clk 1:30:36]} Nf6 {[%clk 1:30:28]} 5. Bc4 {[%clk 1:29:52]} Bg4
{[%clk 1:30:05]} 6. d3 {[%clk 1:28:21]} e6 {[%clk 1:28:30]} 7. h3
{[%clk 1:27:14]} Qh5 {[%clk 1:26:04]} 8. Rg1 {[%clk 1:21:14]} Bxf3
{[%clk 1:23:52]} 9. Qxf3 {[%clk 1:21:31]} Qxf3 {[%clk 1:24:11]} 10. gxf3
{[%clk 1:21:51]} Nbd7 {[%clk 1:23:58]} 11. Bf4 {[%clk 1:19:33]} e5
{[%clk 1:19:36]} 12. Be3 {[%clk 1:19:03]} c6 {[%clk 1:19:18]} 13. O-O-O
{[%clk 1:19:07]} b5 {[%clk 1:14:04]} 14. Bb3 {[%clk 1:17:52]} a5 {[%clk 1:12:05]}
15. a4 {[%clk 1:17:03]} b4 {[%clk 1:10:09]} 16. Ne4 {[%clk 1:17:17]} h6
{[%clk 1:07:55]} 17. f4 {[%clk 1:16:46]} Nxe4 {[%clk 0:55:19]} 18. dxe4
{[%clk 1:16:57]} exf4 {[%clk 0:53:21]} 19. Bxf4 {[%clk 1:16:55]} g5
{[%clk 0:48:41]} 20. Be3 {[%clk 1:16:36]} Bg7 {[%clk 0:47:11]} 21. Bxf7+
{[%clk 1:16:11]} Ke7 {[%clk 0:45:34]} 22. Bb3 {[%clk 1:16:07]} Bf6
{[%clk 0:33:06]} 23. Rd2 {[%clk 1:14:15]} Rhd8 {[%clk 0:29:22]} 24. Rgd1
{[%clk 1:13:37]} Rac8 {[%clk 0:25:53]} 25. Rd6 {[%clk 1:12:26]} c5
{[%clk 0:18:59]} 26. Be6 {[%clk 1:11:28]} Rc7 {[%clk 0:18:13]} 27. Bxd7
{[%clk 1:11:25]} Rcxd7 {[%clk 0:14:25]} 28. Rxd7+ {[%clk 1:11:32]} Rxd7
{[%clk 0:14:42]} 29. Bxc5+ {[%clk 1:11:51]} Ke6 {[%clk 0:14:35]} 30. Rxd7
{[%clk 1:11:41]} Kxd7 {[%clk 0:13:48]} 31. Bb6 {[%clk 1:12:06]} h5
{[%clk 0:09:42]} 32. Bxa5 {[%clk 1:11:32]} Bd4 {[%clk 0:09:13]} 33. f3
{[%clk 1:11:38]} Bc5 {[%clk 0:07:49]} 34. Kd2 {[%clk 1:11:59]} Ke6
{[%clk 0:07:27]} 35. Bd8 {[%clk 1:11:17]} Be7 {[%clk 0:04:41]} 36. Bxe7
{[%clk 1:11:27]} Kxe7 {[%clk 0:05:05]} 37. a5 {[%clk 1:11:35]} Kd7
{[%clk 0:04:58]} 38. e5 {[%clk 1:12:03]} Ke6 {[%clk 0:04:39]} 39. a6
{[%clk 1:12:31]} Kxe5 {[%clk 0:03:52]} 40. a7 {[%clk 1:42:48]} Kf4
{[%clk 0:33:59]} 41. a8=Q {[%clk 1:42:55]} Kg3 {[%clk 0:34:11]} 42. Qd5
{[%clk 1:42:37]} Kxh3 {[%clk 0:32:28]} 43. Qxg5 {[%clk 1:42:49]} h4
{[%clk 0:32:06]} 44. Ke2 {[%clk 1:43:04]} b3 {[%clk 0:32:06]} 45. Kf2
{[%clk 1:43:19]} 1-0

[Event "WCO 2016"]
[Site "?"]
[Date "2016.09.13"]
[Round "11"]
[Board "15"]
[WhiteID "2402076"]
[White "Dempsey John"]
[BlackID "11900253"]
[Black "Pierre Jn Claude"]
[Result "0-1"]
[BlackElo "1912"]
[WhiteElo "1952"]
[LiveChessVersion "1.4.8"]

1. e4 {[%clk 1:30:57]} c5 {[%clk 1:30:49]} 2. Nf3 {[%clk 1:31:22]} d6
{[%clk 1:31:01]} 3. Bd3 {[%clk 1:31:46]} Nc6 {[%clk 1:30:47]} 4. c3
{[%clk 1:31:31]} Bg4 {[%clk 1:30:09]} 5. O-O {[%clk 1:31:24]} Nf6
{[%clk 1:30:27]} 6. Bc2 {[%clk 1:31:30]} e6 {[%clk 1:30:10]} 7. d3
{[%clk 1:29:25]} Be7 {[%clk 1:28:28]} 8. h3 {[%clk 1:25:29]} Bh5 {[%clk 1:28:46]}
9. Re1 {[%clk 1:24:32]} O-O {[%clk 1:29:08]} 10. Nbd2 {[%clk 1:24:56]} Rc8
{[%clk 1:29:19]} 11. Nf1 {[%clk 1:23:17]} Ne5 {[%clk 1:28:40]} 12. N1h2
{[%clk 1:19:32]} Re8 {[%clk 1:27:55]} 13. Bf4 {[%clk 1:09:55]} Nxf3+
{[%clk 1:24:20]} 14. Nxf3 {[%clk 1:06:04]} e5 {[%clk 1:24:03]} 15. Be3
{[%clk 1:05:01]} a6 {[%clk 1:23:55]} 16. Kh2 {[%clk 1:04:47]} Qc7
{[%clk 1:23:57]} 17. Rg1 {[%clk 1:03:53]} d5 {[%clk 1:23:42]} 18. g4
{[%clk 1:03:56]} dxe4 {[%clk 1:17:31]} 19. dxe4 {[%clk 0:55:31]} Bg6
{[%clk 1:17:28]} 20. Nd2 {[%clk 0:54:03]} Rcd8 {[%clk 1:16:15]} 21. Qe2
{[%clk 0:53:17]} Rd7 {[%clk 1:14:29]} 22. f3 {[%clk 0:45:48]} Red8
{[%clk 1:13:39]} 23. h4 {[%clk 0:44:33]} h5 {[%clk 1:09:23]} 24. g5
{[%clk 0:40:10]} Ne8 {[%clk 1:09:38]} 25. Nf1 {[%clk 0:40:33]} c4
{[%clk 1:09:25]} 26. Ng3 {[%clk 0:40:25]} Bc5 {[%clk 1:09:00]} 27. Rad1
{[%clk 0:40:39]} Bxe3 {[%clk 1:01:01]} 28. Qxe3 {[%clk 0:39:30]} b5
{[%clk 0:54:49]} 29. Rge1 {[%clk 0:32:10]} Rxd1 {[%clk 0:52:49]} 30. Rxd1
{[%clk 0:32:31]} Rxd1 {[%clk 0:53:14]} 31. Bxd1 {[%clk 0:32:56]} Qd6
{[%clk 0:53:37]} 32. Bc2 {[%clk 0:32:48]} Nc7 {[%clk 0:53:52]} 33. Ne2
{[%clk 0:14:40]} Ne6 {[%clk 0:53:36]} 34. Kg3 {[%clk 0:13:56]} Qd7
{[%clk 0:52:06]} 35. Ng1 {[%clk 0:10:06]} Nf4 {[%clk 0:50:33]} 36. Qf2
{[%clk 0:09:28]} a5 {[%clk 0:49:00]} 37. Qe1 {[%clk 0:08:45]} Kh7
{[%clk 0:48:11]} 38. Qd1 {[%clk 0:08:04]} Qa7 {[%clk 0:47:48]} 39. Nh3
{[%clk 0:06:55]} Qe3 {[%clk 0:46:37]} 40. Nxf4 {[%clk 0:36:24]} Qxf4+
{[%clk 1:16:51]} 41. Kh3 {[%clk 0:36:06]} f6 {[%clk 1:16:59]} 42. gxf6
{[%clk 0:36:22]} Qxf6 {[%clk 1:16:00]} 43. Qe2 {[%clk 0:35:23]} Bf7
{[%clk 1:13:36]} 44. a3 {[%clk 0:32:23]} Qf4 {[%clk 1:13:56]} 45. Bd1
{[%clk 0:31:10]} Be6+ {[%clk 1:14:13]} 0-1

[Event "WCO 2016"]
[Site "?"]
[Date "2016.09.13"]
[Round "11"]
[Board "13"]
[WhiteID "12000108"]
[White "Mannhart Marcel"]
[BlackID "15701190"]
[Black "Kibromi Weldegebriel Berai"]
[Result "1-0"]
[BlackElo "1760"]
[WhiteElo "2128"]
[LiveChessVersion "1.4.8"]

1. Nc3 {[%clk 1:30:56]} d5 {[%clk 1:30:31]} 2. e4 {[%clk 1:31:20]} d4
{[%clk 1:30:34]} 3. Nce2 {[%clk 1:31:43]} c5 {[%clk 1:30:47]} 4. Ng3
{[%clk 1:32:06]} e5 {[%clk 1:30:42]} 5. Bc4 {[%clk 1:32:22]} Nf6 {[%clk 1:30:59]}
6. Nf3 {[%clk 1:32:45]} Bd6 {[%clk 1:29:44]} 7. O-O {[%clk 1:30:52]} O-O
{[%clk 1:30:08]} 8. d3 {[%clk 1:31:10]} Nc6 {[%clk 1:29:44]} 9. a3
{[%clk 1:31:17]} Ne7 {[%clk 1:28:02]} 10. Nh4 {[%clk 1:20:22]} Ng6
{[%clk 1:20:39]} 11. Nxg6 {[%clk 1:15:31]} hxg6 {[%clk 1:17:14]} 12. Bg5
{[%clk 1:15:30]} Bd7 {[%clk 1:15:21]} 13. Ne2 {[%clk 1:13:20]} b5
{[%clk 1:14:37]} 14. Ba2 {[%clk 1:13:12]} Be7 {[%clk 1:10:44]} 15. h3
{[%clk 1:02:27]} Nh5 {[%clk 1:08:12]} 16. Bd2 {[%clk 0:59:05]} Rc8
{[%clk 1:06:30]} 17. g4 {[%clk 0:52:28]} Nf6 {[%clk 1:05:56]} 18. f4
{[%clk 0:50:40]} exf4 {[%clk 1:05:49]} 19. Nxf4 {[%clk 0:50:39]} c4
{[%clk 1:04:57]} 20. Qe2 {[%clk 0:46:57]} Bc5 {[%clk 0:51:34]} 21. Qf3
{[%clk 0:34:55]} Bc6 {[%clk 0:50:51]} 22. Ng2 {[%clk 0:29:33]} Nd7
{[%clk 0:49:10]} 23. Qg3 {[%clk 0:29:03]} Qe7 {[%clk 0:46:59]} 24. Rae1
{[%clk 0:27:26]} c3 {[%clk 0:44:04]} 25. bxc3 {[%clk 0:22:48]} dxc3+
{[%clk 0:44:30]} 26. Be3 {[%clk 0:23:11]} Bxe3+ {[%clk 0:44:25]} 27. Qxe3
{[%clk 0:22:30]} Qxa3 {[%clk 0:44:28]} 28. Ra1 {[%clk 0:18:51]} Qc5
{[%clk 0:38:03]} 29. Qxc5 {[%clk 0:19:01]} Nxc5 {[%clk 0:38:25]} 30. Nf4
{[%clk 0:19:12]} Kh7 {[%clk 0:23:19]} 31. Ne2 {[%clk 0:17:12]} b4
{[%clk 0:22:00]} 32. Bxf7 {[%clk 0:17:18]} Rc7 {[%clk 0:22:01]} 33. Bxg6+
{[%clk 0:17:17]} Kxg6 {[%clk 0:20:55]} 34. Rxf8 {[%clk 0:17:35]} b3
{[%clk 0:15:53]} 35. Nf4+ {[%clk 0:17:22]} Kh7 {[%clk 0:16:02]} 36. cxb3
{[%clk 0:17:25]} Nxb3 {[%clk 0:16:04]} 37. Ra3 {[%clk 0:16:42]} c2
{[%clk 0:15:28]} 38. Ne2 {[%clk 0:17:00]} Nd4 {[%clk 0:15:39]} 39. Nc1
{[%clk 0:16:25]} Rb7 {[%clk 0:15:13]} 40. Rf1 {[%clk 0:46:13]} Rb1
{[%clk 0:44:47]} 41. Kf2 {[%clk 0:45:06]} Rb7 {[%clk 0:37:33]} 42. Ke3
{[%clk 0:45:17]} Rd7 {[%clk 0:36:33]} 43. Ne2 {[%clk 0:41:54]} Ne6
{[%clk 0:30:47]} 44. Rc1 {[%clk 0:41:28]} Bb5 {[%clk 0:30:41]} 45. Rxc2
{[%clk 0:41:10]} a5 {[%clk 0:30:47]} 46. Rb2 {[%clk 0:41:11]} Nc7
{[%clk 0:30:47]} 47. Nd4 {[%clk 0:41:11]} Ba6 {[%clk 0:30:38]} 48. Rxa5
{[%clk 0:41:10]} Rf7 {[%clk 0:30:48]} 49. Rb6 {[%clk 0:39:31]} Bc8
{[%clk 0:30:55]} 50. Rh5+ {[%clk 0:39:09]} Kg8 {[%clk 0:31:20]} 51. Rb8
{[%clk 0:39:27]} Rf8 {[%clk 0:31:41]} 52. Re5 {[%clk 0:36:13]} Na6
{[%clk 0:31:47]} 53. Rb1 {[%clk 0:35:44]} Kh7 {[%clk 0:31:50]} 54. Ne6
{[%clk 0:33:35]} Bxe6 {[%clk 0:31:49]} 55. Rxe6 {[%clk 0:34:04]} Nc5
{[%clk 0:32:18]} 56. Rd6 {[%clk 0:33:42]} Ra8 {[%clk 0:32:24]} 57. Rb5
{[%clk 0:33:36]} Na4 {[%clk 0:32:43]} 58. Rc6 {[%clk 0:33:27]} Rd8
{[%clk 0:32:41]} 59. Rb7 {[%clk 0:32:45]} Rg8 {[%clk 0:32:52]} 60. Rcc7
{[%clk 0:32:31]} Kh8 {[%clk 0:33:19]} 61. d4 {[%clk 0:32:39]} Kh7
{[%clk 0:33:46]} 62. h4 {[%clk 0:32:52]} Kh6 {[%clk 0:34:04]} 63. e5
{[%clk 0:32:50]} Kg6 {[%clk 0:34:26]} 64. Ke4 {[%clk 0:33:08]} Kh6
{[%clk 0:34:48]} 65. d5 {[%clk 0:33:14]} Kg6 {[%clk 0:35:13]} 66. Rc6+
{[%clk 0:33:29]} Kh7 {[%clk 0:35:40]} 67. g5 {[%clk 0:32:33]} Rf8
{[%clk 0:35:52]} 68. h5 {[%clk 0:32:34]} Ra8 {[%clk 0:36:14]} 69. h6
{[%clk 0:32:08]} Kh8 {[%clk 0:36:40]} 70. hxg7+ {[%clk 0:32:26]} Kg8
{[%clk 0:37:02]} 71. Rh6 {[%clk 0:32:41]} Nc5+ {[%clk 0:37:10]} 72. Kf5
{[%clk 0:32:54]} Nxb7 {[%clk 0:36:00]} 73. Kg6 {[%clk 0:33:02]} Ra6+
{[%clk 0:36:17]} 74. e6 {[%clk 0:33:19]} 1-0